书目信息 |
| 题名: |
青松白描画谱
|
|
| 作者: | 伍小东 著 | |
| 分册: | ||
| 出版信息: | 南宁 广西美术出版社 1997.12 |
|
| 页数: | 87页 | |
| 开本: | 26cm | |
| 丛书名: | 白描画谱丛书 | |
| 单 册: | ||
| 中图分类: | J221.9 | |
| 科图分类: | ||
| 主题词: | 绘画--中国 | |
| 电子资源: | ||
| ISBN: | 7-80625-376-9 | |
| 000 | 00556nam0 2200217 45 | |
| 001 | 0003070995 | |
| 005 | 20040518090846.9 | |
| 010 | @a7-80625-376-9@dCNY11.00 | |
| 100 | @a20000307d1997 km y0chiy0120 ea | |
| 101 | @achi | |
| 105 | @a z 000yy | |
| 200 | 1 | @a青松白描画谱@f伍小东著 |
| 210 | @a南宁@c广西美术出版社@d1997.12 | |
| 215 | @a87页@c图@d26cm | |
| 225 | @a白描画谱丛书 | |
| 410 | @12001 @a白描画谱丛书 | |
| 606 | 0 | @a绘画@y中国 |
| 690 | @aJ221.9@v1 | |
| 701 | @a伍小东@4著 | |
| 801 | @aCN@bTSTC@c20000307 | |
| 905 | @dJ221.9@e131@f1@b285565 | |
| 青松白描画谱/伍小东著.-南宁:广西美术出版社,1997.12 |
| 87页:图;26cm.-(白描画谱丛书) |
| ISBN 7-80625-376-9:CNY11.00 |
| ● |
| 相关链接 |
|
|
|
|
正题名:青松白描画谱
索取号:J221.9/131
 
预约/预借
| 序号 | 登录号 | 条形码 | 馆藏地/架位号 | 状态 | 备注 |
| 1 | 0285565 | 002855654 | 第一借阅区/ [索取号:J221.9/131] | 在馆 | |
| 2 | 0285566 | 002855663 | 第一样本阅览室/ [索取号:J221.9/131] | 在馆 |